000 00313nam a2200133Ia 4500
008 211105s9999||||xx |||||||||||||| ||und||
082 _aRD347.007293 T231E 2004
084 _b08-00188
100 _aTavares, F.
245 0 _aElementos de procesal civil dominicano
260 _c2004
300 _a3
999 _c16310
_d16310